00551nam a2200217 a 4500001001500000003000700015005001800022008004100040020000500081022000500086040001000091082000800101245004200109250000500151260003500156300001700191500000600208100002300214700002700237653006900264adlib96000001 ViArRB200902210153555.7960221s1955 dcuabcdjdbkoqu001 0deng d a a aAdlib a547 aBasic principles of organic chemistry a aCaliforniabW A Benjaminc1967 axxv,1315p.c a  aRoberts, John D.e aCaserio, Marjorie C.a aPhysical organic chemistryaOrganic chemistryaOrganic reactions